MARC

LEADER 00000nam0a2200000 4500
001 237936
005 20231101231555.0
035 |a (RuTPU)RU\TPU\book\259117 
090 |a 237936 
100 |a 20130520d1969 m y0rusy50 ca 
101 0 |a rus 
102 |a RU 
105 |a a j 001zy 
200 1 |a Теория математической обработки геодезических измерений  |e учебник  |f П. А. Гайдаев, В. Д. Большаков  |g под ред. Б. С. Кузьмина; В. Е. Гмурмана 
210 |a Москва  |c Недра  |d 1969 
215 |a 400 с.  |c ил. 
320 |a Библиогр.: с. 395-397. 
606 1 |a Геодезические измерения  |2 stltpush  |3 (RuTPU)RU\TPU\subj\5951  |9 33930 
610 1 |a теория вероятностей 
610 1 |a случайные величины 
610 1 |a математическая статистика 
610 1 |a теория ошибок 
610 1 |a классификация 
610 1 |a математическая обработка 
610 1 |a точность 
610 1 |a метод наименьших квадратов 
610 1 |a нормальные уравнения 
610 1 |a решение 
610 1 |a составление 
610 1 |a функции 
610 1 |a вычисление 
610 1 |a интерполирование 
610 1 |a уравнительные вычисления 
610 1 |a учебники 
675 |a 528(075.8)  |v 3 
700 1 |a Гайдаев  |b П. А.  |g Петр Алексеевич 
701 1 |a Большаков  |b В. Д.  |g Василий Дмитриевич 
702 1 |a Кузьмин  |b Б. С.  |4 340 
702 1 |a Гмурман  |b В. Е.  |4 340 
801 1 |a RU  |b 63413507  |c 20130520 
801 2 |a RU  |b 63413507  |c 20221116  |g RCR 
942 |c BK